Score 0/20 Timer 02:00
0 Plays Today
Hint Missing Word % Correct
Super _____ BrosMario
98.6%
Teenage Mutant Ninja _____Turtles
97.5%
Donkey _____Kong
96.1%
Legend of _____ Zelda
87.9%
_____ FantasyFinal
79.2%
Duck _____Hunt
73.9%
Mike _____ Punch-Out!!Tyson's
63%
Metal _____Gear
48.6%
_____ TalesDuck
47.9%
____ 'N GoblinsGhosts
41%
Hint Missing Word % Correct
____ IcarusKid
38.2%
_____ Man IIMega
36.1%
_____ DragonDouble
31.3%
Blades of _____Steel
28.6%
Marble _____Madness
21.1%
_____ and WarriorsWizards
19.6%
Dragon _____ II Warrior
17.4%
River _____ RansomCity
16.1%
Fun _____House
13.3%
_____ TropicsStar
9.9%

Today's Daily Dose

Remove Ads.
Support Sporcle.
Get the best of Sporcle when you Go Orange. This ad-free experience offers more features, more stats, and more fun while also helping to support Sporcle. Thank you for becoming a member.

You're not logged in!

Compare scores with friends on all Sporcle quizzes.
OR
Log In

Show Comments

Extras

Top Quizzes Today


Score Distribution

Your Account Isn't Verified!

In order to create a playlist on Sporcle, you need to verify the email address you used during registration. Go to your Sporcle Settings to finish the process.

Report this User

Report this user for behavior that violates our Community Guidelines.

Details: